Bibliographie des ouvrages relatifs a l'Afrique et a l'Arabie (Record no. 68641)
[ view plain ]
| 000 -LEADER | |
|---|---|
| campo de control de longitud fija | 00510nam a22001575i 4500 |
| 001 - NÚMERO DE CONTROL | |
| campo de control | 68641 |
| 003 - IDENTIFICADOR DE NÚMERO DE CONTROL | |
| campo de control | ES-MaACL |
| 007 - CAMPO FIJO DE DESCRIPCIÓN FÍSICA--INFORMACIÓN GENERAL | |
| campo de control de longitud fija | t| |
| 008 - DATOS DE LONGITUD FIJA--INFORMACIÓN GENERAL | |
| campo de control de longitud fija | 960813s1875 it ||||1| fre d |
| 040 ## - FUENTE DE CATALOGACIÓN | |
| Centro catalogador/agencia de origen | CAM |
| Lengua de catalogación | spa |
| Centro/agencia transcriptor | CAM |
| 100 1# - ENTRADA PRINCIPAL--NOMBRE DE PERSONA | |
| Nombre de persona | Gay, Jean. |
| 9 (RLIN) | 56102 |
| 245 10 - MENCIÓN DEL TÍTULO | |
| Título | Bibliographie des ouvrages relatifs a l'Afrique et a l'Arabie |
| Resto del título | : catalogue méthodique ... / |
| Mención de responsabilidad, etc. | par Jean Gay. |
| 260 ## - PUBLICACIÓN, DISTRIBUCIÓN, ETC. | |
| Lugar de publicación, distribución, etc. | San Remo : |
| Nombre del editor, distribuidor, etc. | chez J. Gay & fils, |
| Fecha de publicación, distribución, etc. | 1875 ( |
| Fabricante | Vincent Bona) |
| 300 ## - DESCRIPCIÓN FÍSICA | |
| Extensión | XI, [1] en bl., 312 p. ; |
| Dimensiones | 24 cm. |
| 852 ## - LOCALIZACIÓN | |
| Ubicación | ES-MaACL |
| Número de control de estantería | B-4371 |
| Estatus retirado | Estado de pérdida | Estado de daño | No para préstamo | Colección | Biblioteca de origen | Biblioteca actual | Ubicación en estantería | Fecha de adquisición | Fuente de adquisición | Total de préstamos | Signatura topográfica completa | Código de barras | Visto por última vez | Precio de reemplazo | Tipo de ítem Koha |
|---|---|---|---|---|---|---|---|---|---|---|---|---|---|---|---|
| Libros del s. XIX | Biblioteca del Ateneo de Madrid | Biblioteca del Ateneo de Madrid | Sala Pardo Bazán | 17/01/2008 | B-4371 | 1071862 | 23/02/2023 | 23/02/2023 | Libro impreso antiguo |
